[Event "GER-chT U16"]
[Site "Magdeburg"]
[Date "2023.12.28"]
[Round "4.6"]
[White "Schulz, Moritz"]
[Black "Neves, Carlos"]
[Result "0-1"]
[WhiteElo "1449"]
[BlackElo "1721"]
[PlyCount "44"]
[EventDate "2023.12.26"]
[EventType "team-swiss"]
[EventRounds "7"]
[EventCountry "GER"]
[SourceTitle "CB03_2024"]
[SourceDate "2024.01.17"]
[SourceVersion "1"]
[SourceVersionDate "2024.01.17"]
[SourceQuality "1"]
[WhiteTeam "Leipzig VfB"]
[BlackTeam "Baden-Baden"]
[WhiteTeamCountry "GER"]
[BlackTeamCountry "GER"]

1. e4 c5 2. Nf3 g6 3. d4 cxd4 4. Nxd4 Nf6 5. Nc3 d6 6. Be2 Bg7 7. Be3 Nc6 8. Qd2 0-0 9. 0-0-0 Ng4 10. Bxg4 Bxg4 11. f3 Bd7 12. g4 Ne5 13. Qe2 Rc8 14. Nb3 b5 15. h4 b4 16. Nb1 Qc7 17. Nd4 Nc4 18. Bf2 Be5 19. Rd3 Bf4+ 20. Nd2 e5 21. N4b3 Nxd2 22. Rxd2 Qxc2# 0-1

[Event "Bodensee op"]
[Site "Bregenz"]
[Date "2022.05.26"]
[Round "6"]
[White "Hewson, Brian Wr"]
[Black "Neves, Carlos"]
[Result "1/2-1/2"]
[WhiteElo "2069"]
[BlackElo "1724"]
[PlyCount "62"]
[EventDate "2022.05.21"]
[EventType "swiss"]
[EventRounds "9"]
[EventCountry "AUT"]
[SourceTitle "CBM 208 Extra"]
[Source "ChessBase"]
[SourceDate "2022.07.31"]
[SourceVersion "1"]
[SourceVersionDate "2022.07.31"]
[SourceQuality "1"]

1. d4 Nf6 2. c4 g6 3. g3 Bg7 4. Bg2 0-0 5. Nc3 d6 6. Nf3 Nc6 7. 0-0 a6 8. e4 Na5 9. Qd3 c5 10. d5 Rb8 11. Nd2 Ng4 12. a4 Ne5 13. Qe2 Bg4 14. f3 Bd7 15. h3 f5 16. f4 Nf7 17. Kh2 Nh6 18. e5 e6 19. Ra3 Qc7 20. Nf3 Rfe8 21. Qd3 Nf7 22. Re1 dxe5 23. fxe5 Nxe5 24. Nxe5 Bxe5 25. dxe6 Bxe6 26. Nd5 Qg7 27. Rxe5 Qxe5 28. Bf4 Qxb2 29. Bxb8 Rxb8 30. Rc3 Nc6 31. Qe3 Kf7 1/2-1/2

[Event "Reinstorf op"]
[Site "Reinstorf"]
[Date "2022.01.31"]
[Round "3"]
[White "Klemm, Robert"]
[Black "Neves, Carlos"]
[Result "0-1"]
[WhiteElo "1793"]
[BlackElo "1538"]
[PlyCount "104"]
[EventDate "2022.01.29"]
[EventType "swiss"]
[EventRounds "9"]
[EventCountry "GER"]
[SourceTitle "CBM 206 Extra"]
[Source "ChessBase"]
[SourceDate "2022.03.31"]
[SourceVersion "1"]
[SourceVersionDate "2022.03.31"]
[SourceQuality "1"]

1. d3 g6 2. g3 Bg7 3. Bg2 Nf6 4. e4 d6 5. Nf3 0-0 6. 0-0 c5 7. Nbd2 Nc6 8. c3 Qc7 9. Re1 Rb8 10. a4 a6 11. Nf1 Bg4 12. Qc2 b5 13. axb5 axb5 14. h3 Bxf3 15. Bxf3 Rfc8 16. Bg2 b4 17. Ne3 bxc3 18. bxc3 Nd7 19. Bd2 Rb7 20. Ra6 e6 21. f4 Ra7 22. Qa4 Nb6 23. Rxa7 Nxa4 24. Rxc7 Rxc7 25. Rc1 Nb2 26. Bf1 Ra7 27. Rc2 Rb7 28. g4 Rb3 29. Kf2 Na7 30. f5 Nb5 31. g5 gxf5 32. exf5 Be5 33. f6 Nxc3 34. Kf3 Nb5 35. Rc1 Nxd3 36. Bxd3 Rxd3 37. Rb1 Rb3 38. Rd1 d5 39. Kg4 Nd6 40. Re1 Ne4 41. Bc1 d4 42. Nd1 h5+ 43. Kxh5 Rxh3+ 44. Kg4 Rd3 45. Rxe4 Rxd1 46. Ba3 Bd6 47. Re2 Ra1 48. Bb2 Ra2 49. g6 d3 50. Rxe6 fxe6 51. f7+ Kf8 52. g7+ Kxf7 0-1

[Event "GER-chT Christmas U16 Lasker"]
[Site "Playchess.com INT"]
[Date "2020.12.28"]
[Round "7.3"]
[White "Aumueller, Naum"]
[Black "Neves, Carlos"]
[Result "1-0"]
[WhiteElo "1622"]
[BlackElo "1457"]
[PlyCount "55"]
[EventDate "2020.12.28"]
[EventType "team-swiss (blitz)"]
[EventRounds "7"]
[EventCountry "GER"]
[SourceTitle "CBM 200 Extra"]
[Source "ChessBase"]
[SourceDate "2021.03.31"]
[SourceVersion "1"]
[SourceVersionDate "2021.03.31"]
[SourceQuality "1"]
[WhiteTeam "Regensburg Bavaria"]
[BlackTeam "Baden-Baden II"]
[WhiteTeamCountry "GER"]
[BlackTeamCountry "GER"]

1. e4 c5 2. Nf3 Nc6 3. d4 cxd4 4. Nxd4 Nf6 5. Nc3 g6 6. Be3 Bg7 7. Bc4 0-0 8. Qd2 Ng4 9. Nde2 Nxe3 10. Qxe3 d6 11. 0-0-0 Na5 12. Bb3 Nxb3+ 13. axb3 Qa5 14. Kb1 Bd7 15. h4 b5 16. h5 b4 17. Nd5 Rfe8 18. hxg6 hxg6 19. Qg5 Bf6 20. Nxf6+ exf6 21. Qxf6 Qh5 22. Rxh5 gxh5 23. Nf4 Bg4 24. Rh1 Rxe4 25. Nxh5 Re1+ 26. Ka2 Bxh5 27. Rxh5 Rh1 28. Qh8# 1-0